Wintersport Quiz - Statistiken

Allgemein
  • Dieses Quiz wurde 222 mal gespielt
  • Das Durchschnittsergebnis liegt bei 13 aus 19
Antwortstatistiken
Frage Antwort % Korrekt
Wie viele Sportler starten im Ski-Cross gleichzeitig? 4
92%
Was muss beim Eishockey ins Tor befördert werden, möchte man gewinnen? Der Puck
92%
In welcher Wintersportart kommen Besen zum Einsatz? Curling
91%
Im Skeleton ist im Optimalfall welches Körperteil als erstes im Ziel? Der Kopf
90%
In welcher Disziplin des alpinen Skisports kommt es am häufigsten vor, dass ein Fahrer oder eine Fahrerin "einfädeln"? Slalom
85%
In welcher Stadt beginnt die traditionelle Vierschanzentournee? Oberstdorf
82%
Welche ist die kürzeste olympische Distanz beim Eisschnelllauf (in Metern)? 500
77%
In welcher Disziplin müssen Biathleten 20km und Biathletinnen 15km zurücklegen? Einzel
75%
Aus welchem Land kommt der Fahrer mit den meisten Weltcupsiegen im Ski alpin? Schweden
74%
Welche Technik neben dem Skating gibt es im Langlauf? Die Klassische
72%
In welchem Jahr fanden zu ersten mal olympische Winterspiele statt? 1924
66%
Wer stellte 2017 in Vikersund mit 253,5 Metern einen neuen Skiflug-Weltrekord auf? Stefan Kraft
62%
Welche Sportart hat Ulrich Salchow geprägt? Eiskunstlauf
55%
Wie heißt die bekannte Weltcupabfahrt, die jährlich in Wengen stattfindet? Lauberhorn-Abfahrt
55%
Um einen Weltcup-Bob lenken zu können muss man woran ziehen? Den Lenkseilen
51%
Wie heißt der erfolgreichste Winterolympionik aller Zeiten? Ole Einar Björndalen
45%
Wer war die erste weibliche Olympiasiegerin im Skispringen? Carina Vogt
44%
Welches schwedische Langlaufevent lockt jährlich zehntausende Teilnehmer? Wasalauf
41%
In welcher Freestyle-Disziplin, die sowohl für Snowboard als auch Ski olympisch ist, spielen Boxen, Rails und Kicker eine Rolle? Slopestyle
24%
Keine übereinstimmenden Quizze gefunden
Verteilung der Resultate
Anzahl Personen mit jedem Resultat
Perzentil nach korrekt beantworteten Fragen
Ihre Resultats-Entwicklung
Sie haben dieses Quiz noch nicht gespielt